[Event "36th Olympiad w"]
[Site "Turin ITA"]
[Date "2006.05.22"]
[Round "2"]
[White "Marrero Lopez, Yaniet"]
[Black "Rantanen, Tanja"]
[Result "1-0"]
[WhiteElo "1991"]
[BlackElo "2123"]
[PlyCount "53"]
[EventDate "2006.05.21"]

1. e4 e6 2. d4 d5 3. e5 b6 4. Bb5+ c6 5. Ba4 Ba6 6. c3 Ne7 7. Ne2 b5 8. Bc2 c5
9. O-O Nbc6 10. dxc5 Nxe5 11. f4 Nd7 12. b4 Nc6 13. f5 Nf6 14. fxe6 fxe6 15.
Bg5 Be7 16. Nf4 Bc8 17. Qe2 e5 18. Qxb5 Bd7 19. Ne6 Nd4 20. Nxg7+ Kf7 21. Qb7
Nxc2 22. Nh5 Qc8 23. Qxd5+ Kg6 24. Bxf6 Bf5 25. Qxe5 Nxa1 26. Nf4+ Kf7 27.
Qxe7+ 1-0

[Event "36th Olympiad w"]
[Site "Turin ITA"]
[Date "2006.05.22"]
[Round "2"]
[White "Puuska, Heini"]
[Black "Perez Rodriguez, Jennifer"]
[Result "1/2-1/2"]
[WhiteElo "2030"]
[BlackElo "2263"]
[PlyCount "53"]
[EventDate "2006.05.21"]

1. d4 d5 2. c4 c6 3. e3 Nf6 4. Nf3 e6 5. Nbd2 Nbd7 6. Bd3 Bd6 7. O-O O-O 8. e4
e5 9. cxd5 cxd5 10. exd5 exd4 11. Nc4 Nb6 12. Nxd6 Qxd6 13. Nxd4 Nbxd5 14. Nb5
Qb4 15. Qd2 Bd7 16. a3 Qxd2 17. Bxd2 Bxb5 18. Bxb5 Ne4 19. Ba5 b6 20. Bc6 Rad8
21. Bb4 Nxb4 22. axb4 Rd4 23. Rfe1 Nd6 24. b5 Rb4 25. Rxa7 Nxb5 26. Bxb5 Rxb5
27. Re2 1/2-1/2

[Event "36th Olympiad w"]
[Site "Turin ITA"]
[Date "2006.05.23"]
[Round "3"]
[White "Sammalvuo, Niina"]
[Black "Azarova, Nadezhda"]
[Result "1/2-1/2"]
[WhiteElo "2249"]
[BlackElo "2281"]
[PlyCount "39"]
[EventDate "2006.05.21"]

1. e4 c5 2. Nf3 d6 3. d4 cxd4 4. Nxd4 Nf6 5. Nc3 g6 6. Be2 Bg7 7. O-O Nc6 8.
Nb3 O-O 9. Be3 b6 10. f4 Bb7 11. Bf3 Rc8 12. a4 Nd7 13. Rf2 Nc5 14. Rd2 Nxb3
15. cxb3 Qc7 16. Rc1 Qb8 17. Nd5 Rfe8 18. Bf2 e6 19. Nc3 Nb4 20. Kh1 1/2-1/2

[Event "36th Olympiad w"]
[Site "Turin ITA"]
[Date "2006.05.23"]
[Round "3"]
[White "Sharevich, Anna"]
[Black "Puuska, Heini"]
[Result "1-0"]
[WhiteElo "2281"]
[BlackElo "2030"]
[PlyCount "129"]
[EventDate "2006.05.21"]

1. d4 d5 2. Nf3 Nf6 3. c4 e6 4. g3 c6 5. Nbd2 Be7 6. Bg2 O-O 7. O-O b6 8. Qc2
Bb7 9. e4 a5 10. exd5 cxd5 11. b3 Na6 12. Bb2 Rc8 13. Rac1 Rc7 14. Ne5 Qa8 15.
Qb1 Rfc8 16. Rfd1 dxc4 17. Bxb7 Qxb7 18. bxc4 b5 19. c5 Nb4 20. a3 Nc6 21. f4
Rd8 22. Ndf3 Nxe5 23. Nxe5 Nd5 24. Re1 Bf6 25. Ng4 h5 26. Nxf6+ Nxf6 27. f5
exf5 28. Qxf5 Rd5 29. Re5 Rxe5 30. dxe5 Qd5 31. Qf4 Ng4 32. h3 Nh6 33. Qf2 Rc6
34. Kh2 Nf5 35. Rc2 Ne7 36. Qd4 Qxd4 37. Bxd4 Kf8 38. Rb2 b4 39. axb4 axb4 40.
Rxb4 Nd5 41. Rb7 g6 42. Kg2 Rc7 43. Rb8+ Ke7 44. Kf3 Ke6 45. Ra8 Ne7 46. Ke4
Nf5 47. Ra6+ Ke7 48. Bf2 Ng7 49. Kd5 Ne6 50. c6 h4 51. gxh4 Nf4+ 52. Ke4 Nxh3
53. Bc5+ Ke6 54. Bd6 Rc8 55. Bc5 g5 56. Ra7 f5+ 57. Kd4 Rd8+ 58. Bd6 Rxd6+ 59.
exd6 Kxd6 60. c7 Kd7 61. Kc5 Nf4 62. hxg5 Ne6+ 63. Kb6 f4 64. Ra8 Nxc7 65. Ra7
1-0

[Event "36th Olympiad w"]
[Site "Turin ITA"]
[Date "2006.05.23"]
[Round "3"]
[White "Savola, Laura"]
[Black "Berlin, Tatjana"]
[Result "0-1"]
[WhiteElo "1930"]
[BlackElo "2207"]
[PlyCount "70"]
[EventDate "2006.05.21"]

1. d4 Nf6 2. Nf3 g6 3. c4 Bg7 4. Nc3 O-O 5. Bf4 d6 6. e3 Nbd7 7. Be2 c6 8. h3
Qa5 9. O-O e5 10. Bh2 Re8 11. Qc2 Nh5 12. Ne4 Bf8 13. dxe5 dxe5 14. Rfd1 Qc7
15. Nfg5 Nhf6 16. Rd2 h6 17. Nxf6+ Nxf6 18. Nf3 Bg7 19. Rad1 Bf5 20. Bd3 Bc8
21. Be2 Nh7 22. a3 Qe7 23. Bg3 a5 24. Bh4 g5 25. Bg3 Nf8 26. Nh2 a4 27. Nf1 Ne6
28. Bh2 Nc5 29. Re1 f5 30. Ng3 Rf8 31. Nh5 Bh8 32. f4 exf4 33. exf4 Qe3+ 34.
Kh1 Ne4 35. Bg1 Qxd2 0-1

[Event "37th Olympiad w"]
[Site "Turin ITA"]
[Date "2006.05.24"]
[Round "4"]
[White "Perez, Eneida"]
[Black "Sammalvuo, Niina"]
[Result "1/2-1/2"]
[WhiteElo "2110"]
[BlackElo "2249"]
[PlyCount "61"]
[EventDate "2006.05.21"]

1. d4 Nf6 2. e3 b6 3. f4 Bb7 4. Nf3 e6 5. Bd3 Ne4 6. Nbd2 Nxd2 7. Bxd2 f5 8.
Qe2 Be7 9. O-O Be4 10. Bxe4 fxe4 11. Ne5 O-O 12. Qg4 Rf5 13. Qh3 d6 14. Ng4 Qd7
15. Bc3 d5 16. Ne5 Qe8 17. g4 Rf8 18. Rf2 b5 19. b3 a5 20. a4 b4 21. Bb2 Bd6
22. Raf1 Bxe5 23. dxe5 c5 24. f5 Nc6 25. f6 Ra7 26. Qg2 Qg6 27. g5 d4 28. Rf4
dxe3 29. Rxe4 Rd7 30. Rxe3 Nd4 31. Bxd4 1/2-1/2

[Event "37th Olympiad w"]
[Site "Turin ITA"]
[Date "2006.05.24"]
[Round "4"]
[White "Rantanen, Tanja"]
[Black "De la Cruz, Mercedes"]
[Result "1/2-1/2"]
[WhiteElo "2123"]
[BlackElo "2108"]
[PlyCount "79"]
[EventDate "2006.05.21"]

1. e4 c5 2. c3 d5 3. exd5 Qxd5 4. d4 e6 5. Nf3 Nf6 6. Bd3 cxd4 7. cxd4 Nc6 8.
Nc3 Qd6 9. O-O Be7 10. a3 O-O 11. b4 b6 12. Bb2 Bb7 13. Nb5 Qd8 14. Qd2 Nd5 15.
Rad1 a6 16. Nc3 Nxc3 17. Bxc3 Bf6 18. Qf4 Ne7 19. Qg4 Bxf3 20. Qxf3 Nd5 21. Bb2
Qd6 22. Be4 Rad8 23. Qd3 g6 24. Qxa6 Nf4 25. Bf3 h5 26. Rfe1 Rc8 27. Bc1 Rc2
28. Bxf4 Qxf4 29. Qxb6 Rd2 30. Rxd2 Qxd2 31. Rd1 Qb2 32. d5 exd5 33. Rxd5 Kg7
34. Qe3 Rc8 35. g3 Rc3 36. Qe4 Rxa3 37. Rd1 Ra2 38. Qe3 Qxb4 39. Bd5 Ra3 40.
Qe8 1/2-1/2

[Event "37th Olympiad w"]
[Site "Turin ITA"]
[Date "2006.05.24"]
[Round "4"]
[White "Jose Polanco, Keyla"]
[Black "Puuska, Heini"]
[Result "1/2-1/2"]
[WhiteElo "2022"]
[BlackElo "2030"]
[PlyCount "112"]
[EventDate "2006.05.21"]

1. e4 e6 2. d4 d5 3. Nc3 dxe4 4. Nxe4 Bd7 5. Nf3 Bc6 6. Bd3 Bxe4 7. Bxe4 c6 8.
O-O Nf6 9. Bd3 Bd6 10. Ne5 Qc7 11. Qe2 Nbd7 12. f4 g6 13. b3 Nh5 14. c4 c5 15.
Nxd7 Qxd7 16. d5 O-O-O 17. g4 Ng7 18. Bb2 Rhg8 19. Be4 f5 20. Bxg7 Qxg7 21. Bg2
e5 22. fxe5 Bxe5 23. Rae1 Rde8 24. Qf3 Rgf8 25. Qh3 Kb8 26. Kh1 fxg4 27. Qxg4
h5 28. Rxf8 Rxf8 29. Qe6 Bc3 30. Qd6+ Ka8 31. Re7 Qh6 32. Rf7 Rb8 33. Qxc5 Qc1+
34. Rf1 Qd2 35. Qf2 Qxf2 36. Rxf2 Re8 37. Bh3 Re1+ 38. Kg2 a6 39. Rf1 Rxf1 40.
Kxf1 Be5 41. Kg2 Kb8 42. Be6 g5 43. h3 b6 44. Kf3 Kc7 45. Ke4 Bb2 46. Bf7 g4
47. h4 Kd6 48. Bxh5 Bf6 49. Bxg4 Bxh4 50. b4 Be1 51. a3 a5 52. b5 Bf2 53. Be2
Bc5 54. a4 Bg1 55. Kf5 Bf2 56. Kf6 Be3 1/2-1/2

[Event "37th Olympiad w"]
[Site "Turin ITA"]
[Date "2006.05.25"]
[Round "5"]
[White "Mira, Helene"]
[Black "Sammalvuo, Niina"]
[Result "0-1"]
[WhiteElo "2140"]
[BlackElo "2249"]
[PlyCount "84"]
[EventDate "2006.05.21"]

1. Nf3 Nf6 2. c4 e6 3. d4 b6 4. g3 Ba6 5. b3 Bb4+ 6. Bd2 Be7 7. Bg2 Bb7 8. O-O
O-O 9. Nc3 Ne4 10. Nxe4 Bxe4 11. Bc3 f5 12. Ne1 Bxg2 13. Nxg2 Na6 14. Qd3 c5
15. d5 Bf6 16. dxe6 dxe6 17. Qe3 Bxc3 18. Qxc3 Qd4 19. Qc1 Rad8 20. Rd1 Qe5 21.
Qe3 Qxe3 22. Nxe3 Nb4 23. a3 Nc6 24. Nc2 Na5 25. Rab1 Rxd1+ 26. Rxd1 Nxb3 27.
Rd7 Na5 28. Rxa7 Nxc4 29. Re7 e5 30. Ne3 Nxe3 31. fxe3 Ra8 32. Rxe5 Rxa3 33.
Kf2 c4 34. Rb5 Rb3 35. Rxf5 c3 36. Rd5 Kf8 37. Rd8+ Ke7 38. Rc8 Kd7 39. Rc4 b5
40. Rc5 b4 41. e4 Rb2 42. Ke3 c2 0-1

[Event "37th Olympiad w"]
[Site "Turin ITA"]
[Date "2006.05.25"]
[Round "5"]
[White "Puuska, Heini"]
[Black "Kopinits, Anna Christina"]
[Result "1/2-1/2"]
[WhiteElo "2030"]
[BlackElo "2078"]
[PlyCount "92"]
[EventDate "2006.05.21"]

1. d4 d5 2. c4 Nc6 3. cxd5 Qxd5 4. e3 e5 5. Nc3 Bb4 6. Bd2 Bxc3 7. Bxc3 exd4 8.
Ne2 Nf6 9. Nxd4 O-O 10. Nxc6 Qxc6 11. Rc1 Bg4 12. Qc2 Rad8 13. Bd4 Qd5 14. Qc4
Rfe8 15. Qxd5 Rxd5 16. Bxf6 gxf6 17. h3 Bd7 18. Rxc7 Rd6 19. Bc4 b5 20. Be2 a5
21. Rc2 Be6 22. Bxb5 Red8 23. O-O Bxa2 24. Ra1 Bb3 25. Re2 a4 26. Kh2 Rb8 27.
Bxa4 Ra8 28. Bxb3 Rxa1 29. Bc4 Kg7 30. b3 h5 31. e4 h4 32. g3 Rdd1 33. gxh4
Rh1+ 34. Kg3 Rag1+ 35. Kf4 Rxh3 36. Ra2 Rg2 37. h5 Rxh5 38. Ra7 Rxf2+ 39. Kg3
Rhh2 40. Rxf7+ Kg6 41. Rf8 Rhg2+ 42. Kh3 Kh7 43. Rf7+ Kg6 44. Rf8 Rh2+ 45. Kg3
Rhg2+ 46. Kh3 Rh2+ 1/2-1/2

[Event "37th Olympiad w"]
[Site "Turin ITA"]
[Date "2006.05.25"]
[Round "5"]
[White "Horvath, Maria AUT"]
[Black "Savola, Laura"]
[Result "1/2-1/2"]
[WhiteElo "2057"]
[BlackElo "1930"]
[PlyCount "113"]
[EventDate "2006.05.21"]

1. d4 d5 2. c4 e6 3. Nc3 Nf6 4. cxd5 exd5 5. Bg5 Be7 6. e3 c6 7. Qc2 O-O 8. Bd3
h6 9. Bf4 Nbd7 10. h3 c5 11. Nf3 cxd4 12. Nxd4 Nc5 13. O-O Nxd3 14. Qxd3 Be6
15. Rfd1 Qb6 16. Qb5 Bc5 17. Qxb6 Bxb6 18. Na4 Bxd4 19. Rxd4 Rac8 20. Rad1 Rc2
21. Rb4 b6 22. Nc3 Rc8 23. Be5 Nd7 24. Bd4 Nb8 25. Rb5 Nc6 26. Kf1 Nxd4 27.
Rxd4 Rc5 28. Rbb4 Rc4 29. Ne2 Rxb4 30. Rxb4 Rc4 31. Rb5 Rc5 32. Nd4 Bd7 33. Rb3
Kf8 34. Ke2 Ra5 35. a3 Rc5 36. Kd2 Ke7 37. Rc3 Kd6 38. b4 Rc4 39. Rd3 g6 40. h4
Ke5 41. f4+ Kd6 42. Nf3 f6 43. Rc3 Bf5 44. Nd4 Bd7 45. g3 h5 46. Kd3 Rxc3+ 47.
Kxc3 a6 48. Nb3 Ke6 49. Nd4+ Kd6 50. Kd2 Bc8 51. Kd3 Bd7 52. Kc3 Bc8 53. Kb3
Bd7 54. a4 Bc8 55. Ne2 Ke6 56. Nd4+ Kd6 57. Kc3 1/2-1/2

[Event "37th Olympiad w"]
[Site "Turin ITA"]
[Date "2006.05.27"]
[Round "6"]
[White "Sammalvuo, Niina"]
[Black "Lujan, Carolina"]
[Result "1/2-1/2"]
[WhiteElo "2249"]
[BlackElo "2378"]
[PlyCount "88"]
[EventDate "2006.05.21"]

1. e4 c5 2. Nf3 d6 3. d4 cxd4 4. Nxd4 Nf6 5. Nc3 a6 6. Be2 e5 7. Nb3 Be7 8. O-O
O-O 9. Be3 Be6 10. Qd2 Nbd7 11. Rfd1 Rc8 12. a4 Qc7 13. a5 Rfd8 14. Qe1 Nc5 15.
Nxc5 dxc5 16. Bg5 Rd4 17. Bxf6 Bxf6 18. Nd5 Bxd5 19. exd5 e4 20. c3 Rxd1 21.
Bxd1 Re8 22. Ra4 c4 23. d6 Qxd6 24. Rxc4 g6 25. Ba4 Qd5 26. Bxe8 Qxc4 27. Qd1
e3 28. fxe3 Qe4 29. Bd7 Qxe3+ 30. Kf1 Qf4+ 31. Kg1 Be5 32. g3 Qe3+ 33. Kg2 h5
34. Bc8 h4 35. Qf3 Qd2+ 36. Qf2 Qd5+ 37. Qf3 Qxa5 38. Bxb7 hxg3 39. hxg3 Kg7
40. Qd5 Qc7 41. Bxa6 Bxg3 42. Bc4 Be5 43. Kf3 Qe7 44. Qe4 Qg5 1/2-1/2

[Event "37th Olympiad w"]
[Site "Turin ITA"]
[Date "2006.05.27"]
[Round "6"]
[White "Zuriel, Marisa"]
[Black "Rantanen, Tanja"]
[Result "1-0"]
[WhiteElo "2214"]
[BlackElo "2123"]
[PlyCount "63"]
[EventDate "2006.05.21"]

1. e4 e5 2. Nf3 Nf6 3. Nxe5 d6 4. Nf3 Nxe4 5. Nc3 Nxc3 6. dxc3 d5 7. Be3 Be7 8.
Qd2 c6 9. O-O-O Qa5 10. Kb1 b5 11. Bd3 Be6 12. Nd4 Bd7 13. Rde1 O-O 14. h4 Na6
15. Bg5 Bc5 16. Bf6 h6 17. Re3 Bxd4 18. Bxd4 f6 19. Rg3 Kh8 20. Rg6 Rf7 21.
Bxf6 Rxf6 22. Rxf6 gxf6 23. Qxh6+ Kg8 24. Qh7+ Kf8 25. Qh8+ Kf7 26. Qxa8 Nc5
27. Qh8 d4 28. Qh7+ Ke8 29. Qg6+ Kd8 30. Qxf6+ Kc7 31. Qe5+ Kb6 32. Qxc5+ 1-0

[Event "37th Olympiad w"]
[Site "Turin ITA"]
[Date "2006.05.28"]
[Round "7"]
[White "Lomibao, Sheerie Joy"]
[Black "Sammalvuo, Niina"]
[Result "1/2-1/2"]
[WhiteElo "2163"]
[BlackElo "2249"]
[PlyCount "124"]
[EventDate "2006.05.21"]

1. e4 e5 2. Nf3 Nc6 3. Bc4 Bc5 4. c3 Nf6 5. d3 d6 6. O-O a6 7. b4 Ba7 8. a4 O-O
9. Nbd2 Ne7 10. Re1 Ng4 11. d4 exd4 12. cxd4 Nc6 13. Nf1 Qf6 14. Bg5 Qg6 15.
Qd2 h6 16. Bf4 Nf6 17. Ng3 Nh5 18. Nxh5 Qxh5 19. b5 Ne7 20. bxa6 bxa6 21. a5
Bb8 22. Rab1 c6 23. d5 cxd5 24. exd5 Nf5 25. Nd4 Nxd4 26. Qxd4 Ba7 27. Qd2 Bc5
28. Rb3 Bf5 29. Re7 Rfb8 30. Rxb8+ Rxb8 31. Bxa6 Rb1+ 32. Bf1 Bb4 33. Qd4 Qg6
34. Bd2 Bh3 35. Re1 Rxe1 36. Bxe1 Bxe1 37. Qe3 Bxg2 38. Bxg2 Bxa5 39. Qe8+ Kh7
40. h3 Bb6 41. Qe4 f5 42. Qf3 Bc5 43. h4 h5 44. Kh2 Qg4 45. Qxg4 hxg4 46. f3
gxf3 47. Bxf3 g6 48. Kg3 Bb4 49. Be2 Be1+ 50. Kh3 Kh6 51. Bd3 Bc3 52. Be2 Be5
53. Bd3 Bd4 54. Kg3 Bc3 55. Kh3 Be5 56. Bc2 Bf4 57. Bd3 Be5 58. Bc2 Kg7 59. h5
Kh6 60. hxg6 Kxg6 61. Kg2 Kf6 62. Ba4 Bd4 1/2-1/2

[Event "37th Olympiad w"]
[Site "Turin ITA"]
[Date "2006.05.29"]
[Round "8"]
[White "Puuska, Heini"]
[Black "Brunello, Marina"]
[Result "1-0"]
[WhiteElo "2030"]
[BlackElo "1920"]
[PlyCount "99"]
[EventDate "2006.05.21"]

1. d4 d5 2. c4 e6 3. Nc3 Nf6 4. cxd5 exd5 5. Bg5 Nbd7 6. e3 Be7 7. Bd3 O-O 8.
Qc2 Re8 9. Nge2 c6 10. O-O Nf8 11. f3 Ng6 12. e4 dxe4 13. fxe4 c5 14. Bxf6 Bxf6
15. Nd5 b6 16. Nxf6+ gxf6 17. dxc5 bxc5 18. Rad1 Qb6 19. Kh1 Kg7 20. Ng3 Ne5
21. Nh5+ Kh8 22. Nxf6 Re6 23. Nd5 Qd6 24. Be2 Rh6 25. Qc3 Be6 26. Nf4 Qc7 27.
Nd3 f6 28. Nxe5 fxe5 29. Bc4 Bxc4 30. Qxc4 Qg7 31. Qxc5 Rg8 32. Rd2 Qg3 33. Qg1
Qh4 34. Re2 Qg4 35. Re3 Rb8 36. Qf2 Rg8 37. Kg1 Qh5 38. h3 Rhg6 39. Rf3 Qg5 40.
g4 Qd8 41. Rf8 Qe7 42. Rxg8+ Kxg8 43. Kg2 h5 44. Qf5 Rg5 45. Qc8+ Kg7 46. Rd1
Kh6 47. Rd7 Qf6 48. Qc7 Rg6 49. Rh7+ Kg5 50. Rxh5+ 1-0

[Event "37th Olympiad w"]
[Site "Turin ITA"]
[Date "2006.05.30"]
[Round "9"]
[White "Sanchez Castillo, Sarai"]
[Black "Rantanen, Tanja"]
[Result "1-0"]
[WhiteElo "2176"]
[BlackElo "2123"]
[PlyCount "75"]
[EventDate "2006.05.21"]

1. e4 c5 2. Nf3 Nc6 3. Bb5 e6 4. O-O Nge7 5. c3 a6 6. Be2 d5 7. exd5 Nxd5 8. d4
cxd4 9. Nxd4 Nxd4 10. Qxd4 Qf6 11. Qxf6 Nxf6 12. Bf3 Bd6 13. Rd1 Ke7 14. Be3
Rb8 15. c4 b6 16. Nc3 Bb7 17. Bxb7 Rxb7 18. Na4 b5 19. c5 bxa4 20. Rxd6 Rxb2
21. Rxa6 Rhb8 22. h3 Rc2 23. Rxa4 Nd5 24. Bd4 f6 25. Re1 e5 26. Bxe5 fxe5 27.
Rxe5+ Kf6 28. Rxd5 Rb1+ 29. Kh2 Rbb2 30. Ra6+ Ke7 31. Ra7+ Kf6 32. Rd6+ Ke5 33.
Re7+ Kf5 34. Rxg7 Rxa2 35. Rxh7 Kg5 36. Rg7+ Kf5 37. Rf7+ Ke5 38. Rdf6 1-0

[Event "37th Olympiad w"]
[Site "Turin ITA"]
[Date "2006.05.30"]
[Round "9"]
[White "Hernandez, Zaida"]
[Black "Savola, Laura"]
[Result "1/2-1/2"]
[WhiteElo "2046"]
[BlackElo "1930"]
[PlyCount "94"]
[EventDate "2006.05.21"]

1. e4 e6 2. d4 d5 3. Nc3 Bb4 4. e5 c5 5. Bd2 a6 6. Qg4 Ne7 7. dxc5 Bxc5 8. Qxg7
Ng6 9. Qh6 Nxe5 10. Bg5 Be7 11. Qg7 Ng6 12. Bxe7 Qxe7 13. Bd3 Qf8 14. Qxf8+
Rxf8 15. Nge2 Nc6 16. O-O-O Bd7 17. Na4 O-O-O 18. f4 Nb4 19. Nb6+ Kb8 20. Nxd7+
Rxd7 21. a3 Nxd3+ 22. Rxd3 Rc7 23. Re1 Rfc8 24. c3 Rg8 25. g3 Ne7 26. Nd4 Nc6
27. f5 Nxd4 28. Rxd4 Rc6 29. Rh4 Rh8 30. fxe6 fxe6 31. Rh6 d4 32. Kc2 Rf8 33.
Rhxe6 Rxe6 34. Rxe6 Rf2+ 35. Kd3 dxc3 36. Kxc3 Rxh2 37. Re7 Rg2 38. Rxh7 Rxg3+
39. Kc2 Ka7 40. Rh6 Rf3 41. Rg6 Rh3 42. Kd2 Rb3 43. Kc2 Rh3 44. Rf6 Rg3 45. Rh6
Rf3 46. Re6 Rh3 47. Rg6 Rf3 1/2-1/2

[Event "37th Olympiad"]
[Site "Turin ITA"]
[Date "2006.05.31"]
[Round "10"]
[White "Goh Koon Jong, Jason"]
[Black "Mäk- Uuro, Miikka"]
[Result "1/2-1/2"]
[WhiteElo "2386"]
[BlackElo "2407"]
[PlyCount "30"]
[EventDate "2006.05.21"]

1. d4 Nf6 2. c4 e6 3. Nc3 Bb4 4. e3 b6 5. Nge2 Ne4 6. Qc2 Bb7 7. a3 Bxc3+ 8.
Nxc3 Nxc3 9. Qxc3 O-O 10. b3 d6 11. Bb2 Qf6 12. Qc2 Qh6 13. O-O-O Nd7 14. Kb1
f5 15. f3 Rae8 1/2-1/2

[Event "37th Olympiad w"]
[Site "Turin ITA"]
[Date "2006.05.31"]
[Round "10"]
[White "Geldyeva, Mahri"]
[Black "Sammalvuo, Niina"]
[Result "0-1"]
[WhiteElo "2274"]
[BlackElo "2249"]
[PlyCount "92"]
[EventDate "2006.05.21"]

1. d4 Nf6 2. c4 e6 3. Nc3 Bb4 4. Qc2 c5 5. Nf3 cxd4 6. Nxd4 Qb6 7. e3 O-O 8.
Bd2 a6 9. Bd3 h6 10. O-O Qd8 11. a3 Be7 12. Rad1 b6 13. e4 d6 14. f3 Bb7 15.
Be3 Nbd7 16. Qf2 Rc8 17. Be2 Qc7 18. Rc1 Qb8 19. Rfd1 Bd8 20. Qg3 Kh8 21. Qh3
Nh7 22. f4 Nc5 23. Bf3 Qa8 24. e5 dxe5 25. fxe5 Bg5 26. Bxb7 Qxb7 27. b4 Nd7
28. Bxg5 Nxg5 29. Qe3 Rxc4 30. h4 Nh7 31. Nf3 Rfc8 32. Rd4 Nhf8 33. Qd3 b5 34.
Rxc4 Rxc4 35. Re1 Qc7 36. Nd1 Ng6 37. Nb2 Rc2 38. Qd4 Qc3 39. Qxd7 Qxb2 40. h5
Rxg2+ 41. Kh1 Nf4 42. Qd8+ Kh7 43. Qh4 Nd5 44. Qe4+ Kg8 45. Qh4 Qf2 46. Qe4 Qg3
0-1

[Event "37th Olympiad w"]
[Site "Turin ITA"]
[Date "2006.05.31"]
[Round "10"]
[White "Puuska, Heini"]
[Black "Hallaeva, Bahar"]
[Result "0-1"]
[WhiteElo "2030"]
[BlackElo "2135"]
[PlyCount "54"]
[EventDate "2006.05.21"]

1. d4 Nf6 2. Bg5 e6 3. e4 h6 4. Bxf6 Qxf6 5. c3 Qg6 6. Nd2 b6 7. Ne2 Bb7 8. Ng3
c5 9. Be2 cxd4 10. cxd4 Nc6 11. d5 exd5 12. O-O d4 13. Bh5 Qf6 14. Nc4 Bc5 15.
Bg4 O-O 16. Bxd7 Ne5 17. Nxe5 Qxe5 18. f4 d3+ 19. Kh1 Qxb2 20. Qg4 Kh8 21. f5
Bd4 22. Rab1 Qxa2 23. Nh5 Qe2 24. Qh3 d2 25. f6 Bxe4 26. Bg4 Qd3 27. Qh4 g5 0-1

[Event "37th Olympiad w"]
[Site "Turin ITA"]
[Date "2006.05.31"]
[Round "10"]
[White "Ovezova, Maisa"]
[Black "Savola, Laura"]
[Result "1/2-1/2"]
[WhiteElo "2137"]
[BlackElo "1930"]
[PlyCount "96"]
[EventDate "2006.05.21"]

1. d4 d5 2. e3 Nf6 3. Bd3 e6 4. Nd2 c5 5. c3 Nc6 6. f4 Bd6 7. Ne2 Bd7 8. O-O
Qc7 9. Nf3 O-O 10. Ne5 a6 11. Ng3 cxd4 12. exd4 b5 13. Nh5 Be7 14. Nxf6+ Bxf6
15. Ng4 Be7 16. a3 Rab8 17. Qe2 a5 18. Rf3 f5 19. Ne5 Nxe5 20. fxe5 b4 21. axb4
axb4 22. Bd2 bxc3 23. bxc3 Rb2 24. Qd1 Rfb8 25. Rh3 Be8 26. g4 g6 27. gxf5 gxf5
28. Rg3+ Kh8 29. Rg2 Bf7 30. Qc1 Qb7 31. Bc2 Rg8 32. Rxg8+ Bxg8 33. Rb1 Rxb1
34. Qxb1 Qxb1+ 35. Bxb1 Bf7 36. Kg2 Be8 37. Bd3 Bc6 38. Kg3 Kg7 39. c4 dxc4 40.
Bxc4 Kf7 41. h4 Bd8 42. Be3 Ba5 43. Kf4 Bd8 44. Bf2 Ba5 45. Be3 Bd8 46. h5 Bh4
47. h6 Bd8 48. Bb3 Be4 1/2-1/2

[Event "37th Olympiad w"]
[Site "Turin ITA"]
[Date "2006.06.02"]
[Round "11"]
[White "Sammalvuo, Niina"]
[Black "Zimina, Olga"]
[Result "1/2-1/2"]
[WhiteElo "2249"]
[BlackElo "2404"]
[PlyCount "122"]
[EventDate "2006.05.21"]

1. e4 c6 2. d3 d5 3. Nd2 g6 4. Ngf3 Bg7 5. g3 e5 6. Bg2 Ne7 7. O-O O-O 8. b3
Na6 9. Bb2 d4 10. Ne1 c5 11. f4 Nc7 12. Ba3 b6 13. Nc4 Nc6 14. Nf3 f6 15. Bc1
b5 16. Nb2 Be6 17. fxe5 Nxe5 18. Nxe5 fxe5 19. Bd2 Ne8 20. Qe2 Nd6 21. a4 a6
22. Rxf8+ Bxf8 23. Bf1 Rc8 24. axb5 axb5 25. Ra6 Ra8 26. Bg5 Qc8 27. Rxa8 Qxa8
28. Nd1 Nf7 29. Bd2 Bh6 30. Nf2 Qa1 31. Bxh6 Nxh6 32. Qd2 Nf7 33. Qe2 h5 34.
Qd2 Kg7 35. Kg2 Qa2 36. Qc1 c4 37. bxc4 bxc4 38. dxc4 Bxc4 39. Bd3 Nh6 40. Qg5
Nf7 41. Qe7 Bxd3 42. cxd3 Qa6 43. h3 Qa2 44. Qd7 Qe2 45. Qe7 Qd2 46. h4 Qa2 47.
Kf3 Qa6 48. Kg2 Qf6 49. Qxf6+ Kxf6 50. g4 hxg4 51. Nxg4+ Ke6 52. Kf3 Nd8 53.
Ke2 Nc6 54. Kd2 Kd6 55. Nf6 Nd8 56. Kc2 Nc6 57. Kb3 Nd8 58. Kc4 Ne6 59. h5 gxh5
60. Nxh5 Ng5 61. Ng7 Nf3 1/2-1/2

[Event "37th Olympiad w"]
[Site "Turin ITA"]
[Date "2006.06.02"]
[Round "11"]
[White "Ambrosi, Eleonora"]
[Black "Puuska, Heini"]
[Result "1/2-1/2"]
[WhiteElo "2136"]
[BlackElo "2030"]
[PlyCount "48"]
[EventDate "2006.05.21"]

1. e4 e6 2. d4 d5 3. Nc3 Bb4 4. a3 Bxc3+ 5. bxc3 Nf6 6. e5 Nfd7 7. Qg4 Kf8 8.
Bd3 c5 9. Nf3 Nc6 10. O-O c4 11. Be2 Nb6 12. Nh4 Na4 13. Bd2 Qa5 14. Qf4 Qd8
15. Bh5 Qe8 16. Qg3 Ne7 17. f4 Nf5 18. Nxf5 exf5 19. Rab1 b5 20. Bf3 Be6 21.
Qh4 a6 22. g4 Rd8 23. Qh3 Qd7 24. g5 Qe7 1/2-1/2

[Event "37th Olympiad w"]
[Site "Turin ITA"]
[Date "2006.06.02"]
[Round "11"]
[White "Savola, Laura"]
[Black "Santurbano, Maria Vincenza"]
[Result "1/2-1/2"]
[WhiteElo "1930"]
[BlackElo "1965"]
[PlyCount "113"]
[EventDate "2006.05.21"]

1. d4 Nf6 2. c4 d6 3. Nf3 Nbd7 4. Nc3 e5 5. e3 Be7 6. Bd3 c6 7. O-O O-O 8. Qc2
Qc7 9. b3 a6 10. a4 Re8 11. Bb2 Nf8 12. h3 Bd7 13. Rfd1 Ng6 14. dxe5 Nxe5 15.
Nxe5 dxe5 16. Ne4 h6 17. Ng3 Rad8 18. Bc3 a5 19. Rd2 Bb4 20. Rad1 Bxc3 21. Qxc3
Be6 22. Bc2 Rxd2 23. Rxd2 g6 24. Ne2 Nd7 25. Ng3 Nc5 26. Ne4 Nxe4 27. Bxe4 f5
28. Bc2 Kf7 29. Kf1 Re7 30. Rd3 c5 31. Rd1 Bd7 32. Kg1 Bc6 33. Rd2 b6 34. f3
Ke6 35. Qa1 h5 36. Qd1 Rd7 37. Kf2 h4 38. Rxd7 Bxd7 39. Qd5+ Kf6 40. Qd2 Bc6
41. Bb1 Ke6 42. Bc2 Qe7 43. Kf1 Qg5 44. Qf2 Qd8 45. Qe1 g5 46. Ke2 e4 47. fxe4
fxe4 48. Qb1 Ke5 49. Qb2+ Kf5 50. Qg7 Qf6 51. Qxf6+ Kxf6 52. Kf2 Ke5 53. g3 Bd7
54. g4 Be6 55. Ke2 Bd7 56. Kf2 Be6 57. Ke2 1/2-1/2

[Event "37th Olympiad w"]
[Site "Turin ITA"]
[Date "2006.06.03"]
[Round "12"]
[White "Rantanen, Tanja"]
[Black "Wan Khye, Theng"]
[Result "1-0"]
[WhiteElo "2123"]
[BlackElo "1989"]
[PlyCount "89"]
[EventDate "2006.05.21"]

1. e4 e6 2. d4 d5 3. exd5 exd5 4. Nf3 Bd6 5. Bd3 Ne7 6. O-O O-O 7. c3 c6 8. Qc2
h6 9. Re1 Qc7 10. Nbd2 Bg4 11. Ne5 Bh5 12. Nf1 Nd7 13. Ng3 Bxe5 14. dxe5 Bg6
15. f4 Bxd3 16. Qxd3 Rfe8 17. b3 Rac8 18. Qe2 Kh8 19. Qh5 Rf8 20. f5 f6 21. e6
Ne5 22. Bxh6 gxh6 23. Qxh6+ Kg8 24. Nh5 Nxf5 25. Nxf6+ Rxf6 26. Qxf6 Nd3 27.
Qg6+ Qg7 28. Qxf5 Nxe1 29. Rxe1 Qxc3 30. Rf1 Qe3+ 31. Kh1 Rc7 32. Qf8+ Kh7 33.
Qf5+ Kg8 34. Qf8+ Kh7 35. Qf5+ Kg8 36. h3 Rg7 37. Qf8+ Kh7 38. Qf5+ Kg8 39.
Qf8+ Kh7 40. Qf6 d4 41. Rf4 Qe1+ 42. Rf1 Qe3 43. Qh4+ Kg8 44. Rf8+ Kxf8 45.
Qd8# 1-0

[Event "37th Olympiad w"]
[Site "Turin ITA"]
[Date "2006.06.03"]
[Round "12"]
[White "Nur Shazwani, Zullkafli"]
[Black "Savola, Laura"]
[Result "1-0"]
[WhiteElo "2108"]
[BlackElo "1930"]
[PlyCount "87"]
[EventDate "2006.05.21"]

1. e4 e6 2. d4 d5 3. Nd2 Nf6 4. e5 Nfd7 5. Bd3 c5 6. c3 Nc6 7. Ne2 Qb6 8. Nf3
cxd4 9. cxd4 f6 10. exf6 Nxf6 11. O-O Bd6 12. Nc3 O-O 13. a3 Bd7 14. Be3 Rac8
15. Ne5 Bb8 16. Na4 Qc7 17. Rc1 Qd6 18. f4 Be8 19. b4 a6 20. Nc5 Qe7 21. Qf3
Bd6 22. Qh3 Bxc5 23. Rxc5 Na7 24. f5 Rxc5 25. bxc5 exf5 26. Bxf5 Nc6 27. Nxc6
bxc6 28. Bf4 Qe2 29. Bd6 Rf7 30. Be6 Qe4 31. Bxf7+ Bxf7 32. Be5 Ng4 33. Qf3
Nxe5 34. Qxe4 dxe4 35. dxe5 Bd5 36. Kf2 Kf7 37. Ke3+ Ke6 38. Kd4 g6 39. Rf6+
Ke7 40. g3 Ke8 41. h4 Ke7 42. g4 Kd7 43. h5 gxh5 44. gxh5 1-0